Lymph Node Metastasis in Gastrointestinal Cancer

This book provides the most comprehensive and up-to-date knowledge of lymph node micrometastasis (LMM) and sentinel node navigation surgery (SNNS) in gastrointestinal cancers. Lymph node metastasis is a critically important prognostic factor in gastrointestinal tract cancers such as tumors of the es...

Full description

Bibliographic Details
Corporate Author: SpringerLink (Online service)
Other Authors: Natsugoe, Shoji (Editor, http://id.loc.gov/vocabulary/relators/edt)
Format: Electronic eBook
Language:English
Published: Singapore : Springer Singapore : Imprint: Springer, 2019.
Edition:1st ed. 2019.
Subjects:
Online Access:Full Text via HEAL-Link
LEADER 04269nam a2200469 4500
001 978-981-10-4699-5
003 DE-He213
005 20190618011751.0
007 cr nn 008mamaa
008 190123s2019 si | s |||| 0|eng d
020 |a 9789811046995  |9 978-981-10-4699-5 
024 7 |a 10.1007/978-981-10-4699-5  |2 doi 
040 |d GrThAP 
050 4 |a RC254-282 
072 7 |a MJCL  |2 bicssc 
072 7 |a MED062000  |2 bisacsh 
072 7 |a MJCL  |2 thema 
082 0 4 |a 616.994  |2 23 
245 1 0 |a Lymph Node Metastasis in Gastrointestinal Cancer  |h [electronic resource] /  |c edited by Shoji Natsugoe. 
250 |a 1st ed. 2019. 
264 1 |a Singapore :  |b Springer Singapore :  |b Imprint: Springer,  |c 2019. 
300 |a VIII, 358 p. 141 illus., 116 illus. in color.  |b online resource. 
336 |a text  |b txt  |2 rdacontent 
337 |a computer  |b c  |2 rdamedia 
338 |a online resource  |b cr  |2 rdacarrier 
347 |a text file  |b PDF  |2 rda 
505 0 |a Part 1. Basic science of lymphatic -- 1. Physiology of lymphatics 1 -- 2. Physiology of lymphatics 2 -- 3.Anatomy of lymphatics 1 -- 4. Anatomy of lymphatics 2 -- 5. Molecular mechanism of lymph node metastasis -- 6. Immunology of lymph node 1 -- 7. Immunology of lymph node 2 -- 8. Lymphoid tissue associated with GI mucosa -- 9. Basic Imaging diagnosis of lymph node metastasis -- 10. In vivo imaging of lymph node -- Part 2. Lymph node micrometastasis -- 11. Basic aspect: Methodology -- 12. Clinical aspect: Esophageal cancer -- 13. Clinical aspect: Gastric cancer -- 14. Clinical aspect: Colorectal cancer -- 15. Clinical aspect: Chemo and/or radiation therapy and micrometastasis -- Part 3. Lymph node metastasis: Clinical significance -- 16. Esophageal cancer -- 17. Gastric cancer -- 18. Colorectal cancer -- Part 4. Sentinel node navigation Surgery -- 19. Methodology: Dye and isotope method 1 -- 20. Methodology: Dye and isotope method 2 -- 21. Methodology: CT lymphography -- 22. Clinical aspect: Esophageal cancer -- 23. Clinical aspect: Gastric cancer -- 24. Clinical aspect: Colorectal cancer. 
520 |a This book provides the most comprehensive and up-to-date knowledge of lymph node micrometastasis (LMM) and sentinel node navigation surgery (SNNS) in gastrointestinal cancers. Lymph node metastasis is a critically important prognostic factor in gastrointestinal tract cancers such as tumors of the esophagus, stomach, and colorectum. An understanding of the basic aspects of lymphatics and lymph nodes, including anatomy, histology, physiology, immunology, and molecular biology, is fundamental for physicians who are involved in cancer treatment. Furthermore, owing to the development of molecular and biological methodology, the precise recognition of LMM and its clinical significance have been clarified recently. At the same time, SNNS has actually been anticipated in treatment of breast tumors, and it is now being introduced in gastrointestinal tract cancer. For the application of SNNS, the detection of lymph node metastasis including LMM is extremely significant, because the presence of LMM determines the direction for surgery and chemo and/or radiation therapy. With these considerations in mind, the expert contributors to this book review basic and clinical approaches for LMM and SNNS including methodology for gastrointestinal cancers. Thus this volume benefits not only surgeons who treat gastrointestinal cancers but also clinical oncologists and medical scientists such as physiologists and pathologists. 
650 0 |a Oncology  . 
650 0 |a Surgery. 
650 0 |a Pathology. 
650 1 4 |a Oncology.  |0 http://scigraph.springernature.com/things/product-market-codes/H33160 
650 2 4 |a Surgery.  |0 http://scigraph.springernature.com/things/product-market-codes/H59001 
650 2 4 |a Pathology.  |0 http://scigraph.springernature.com/things/product-market-codes/H4800X 
700 1 |a Natsugoe, Shoji.  |e editor.  |4 edt  |4 http://id.loc.gov/vocabulary/relators/edt 
710 2 |a SpringerLink (Online service) 
773 0 |t Springer eBooks 
776 0 8 |i Printed edition:  |z 9789811046988 
776 0 8 |i Printed edition:  |z 9789811047008 
856 4 0 |u https://doi.org/10.1007/978-981-10-4699-5  |z Full Text via HEAL-Link 
912 |a ZDB-2-SME 
950 |a Medicine (Springer-11650)